000 00351nam a22001577a 4500
003 SGT
020 _a81-239-0514-9
082 _a615.190
_bP07B
100 _aBECKETT, A.H, ED
245 _aPRACTICAL PHARMACEUTICAL CHEMISTRY -2
250 _a4TH
260 _aNEW DELHI
_bCBS. PUB
_c2007
300 _a602
650 _aCHEMISTRY
942 _2ddc
_cBK
_08
999 _c9637
_d9637